000 00549nam a2200181Ia 4500
008 090123s9999 xx 000 0 und d
082 _b37627
100 _aदिवाण वृंदा
245 _aरंग वेगवेगळे
250 _a1
260 _bयुनिटी प्रकाशन
_c2004
300 _a160
600 _aदिवाण वृंदा
630 _aरंग वेगवेगळे
700 _aदिवाण वृंदा
730 _aरंग वेगवेगळे
942 _cBOOK
999 _c75694
_d75694